<?xml version="1.0" encoding="UTF-8"?>
<record
    xmlns:xsi="http://www.w3.org/2001/XMLSchema-instance"
    xsi:schemaLocation="http://www.loc.gov/MARC21/slim http://www.loc.gov/standards/marcxml/schema/MARC21slim.xsd"
    xmlns="http://www.loc.gov/MARC21/slim">

  <leader>01343nam a22001697a 4500</leader>
  <controlfield tag="003">NUST</controlfield>
  <controlfield tag="005">20221007113730.0</controlfield>
  <datafield tag="020" ind1=" " ind2=" ">
    <subfield code="a">978-983-47-1046-0</subfield>
  </datafield>
  <datafield tag="082" ind1=" " ind2=" ">
    <subfield code="a">657, MAD</subfield>
  </datafield>
  <datafield tag="100" ind1=" " ind2=" ">
    <subfield code="a">  Ibrahim, Wan Madznah Wan,Kasim, Khairul Naziya,Bijoy,Kumar</subfield>
    <subfield code="9">99465</subfield>
  </datafield>
  <datafield tag="245" ind1=" " ind2=" ">
    <subfield code="a">Fundamentals of Business Accounting Second Edition:</subfield>
    <subfield code="c">Wan Madznah Wan Ibrahim</subfield>
  </datafield>
  <datafield tag="250" ind1=" " ind2=" ">
    <subfield code="a">2nd Edition </subfield>
  </datafield>
  <datafield tag="260" ind1=" " ind2=" ">
    <subfield code="a">New York </subfield>
    <subfield code="b">Oxford Uni Press </subfield>
    <subfield code="c">2013</subfield>
  </datafield>
  <datafield tag="300" ind1=" " ind2=" ">
    <subfield code="a">xvi, 477: pages </subfield>
  </datafield>
  <datafield tag="505" ind1=" " ind2=" ">
    <subfield code="a">Introduction to Accounting (Page-1), Recording the Accounting Information (Page-13), Business Performance Measurement (Page-39), Requirements of Information Disclosure  (Page-69), Accounting for Current Assets (Page-91), Accounting for Fixed Assets (Page-111), Accounting for Partnerships (Page-133), Accounting for Companies-Formation, Shares Issuance and Dividends (Page-145), Analysis of Financial Statement (Page-161), Introduction to Management and Cost Accounting (Page-207), Accounting for Manufacturing Companies (Page-247), Product Costing (Page-265), Capital Budgeting (Page-305),   Operational Budgets (Page-325), Flexible Budgets and Standard Costing (Page-357), Costing Techniques, Cost-Volume-profit and Pricing (Page-382), Accounting for Control and Performance    Measurement (Page-431), Strategies Management Accounting (Page-453).  </subfield>
  </datafield>
  <datafield tag="942" ind1=" " ind2=" ">
    <subfield code="2">ddc</subfield>
    <subfield code="c">BK</subfield>
  </datafield>
  <datafield tag="999" ind1=" " ind2=" ">
    <subfield code="c">591568</subfield>
    <subfield code="d">591568</subfield>
  </datafield>
  <datafield tag="952" ind1=" " ind2=" ">
    <subfield code="0">0</subfield>
    <subfield code="1">0</subfield>
    <subfield code="2">ddc</subfield>
    <subfield code="4">0</subfield>
    <subfield code="7">0</subfield>
    <subfield code="a">MCS</subfield>
    <subfield code="b">MCS</subfield>
    <subfield code="c">GEN</subfield>
    <subfield code="d">2022-10-07</subfield>
    <subfield code="o">657,MAD</subfield>
    <subfield code="p">MCS38265</subfield>
    <subfield code="r">2022-10-07</subfield>
    <subfield code="w">2022-10-07</subfield>
    <subfield code="y">BK</subfield>
    <subfield code="z">Almirah Fresh No.45, Shelf No.5</subfield>
  </datafield>
</record>
